000
00334nam a2200145Ia 4500
008
150201s1997 xx 000 0 und d
082
_a
617.5
_b
O1997A
100
_a
ADAMS,GREGG A.
245
_a
ON CALL SURGERY
250
_a
1ST
260
_b
SAUNDERS
_a
PHILADELPHIA
_c
1997
300
_a
1-513
650
_a
SURGERY
942
_2
ddc
_c
BK
999
_c
4029
_d
4029